| 000 | 01078cam a2200301 i 4500 | ||
|---|---|---|---|
| 001 | 25542 | ||
| 003 | Mx-PuUPA | ||
| 005 | 20250328111942.0 | ||
| 008 | 140415s1978 sp gr 000 0 spa d | ||
| 017 | _aB. 25.510-1978 | ||
| 020 | _a8425407494 | ||
| 040 |
_aMx-PuUPA _bspa _cMx-PuUPA _dMx-PuUPA _erda |
||
| 041 | 1 |
_aspa _hita |
|
| 100 | 1 |
_aAgazzi, Evandro, _d1934- _916910 _eautor |
|
| 240 | 1 | 0 |
_aTemi e problemi di filosofia della fisica. _lEspañol |
| 245 | 1 | 0 |
_aTemas y problemas de filosoría de la física / _cEvandro Agazzi ; versión castellana de J. Vidal |
| 264 | 1 |
_aBarcelona : _bEditorial Herder, _c©1978 |
|
| 300 |
_a470 páginas ; _c25 cm |
||
| 336 |
_2rdacontent _atexto _btxt |
||
| 337 |
_2rdamedia _asin medio _bn |
||
| 338 |
_2rdacarrier _avolumen _bnc |
||
| 650 | 7 |
_2armarc _aFísica _xFilosofía |
|
| 700 | 1 |
_aVidal, J. _etraductor |
|
| 765 | 0 |
_aAgazzi, Evandro, 1934- _dRoma : Edizioni Abete, 1974 _tTemi e problemi di filosofia della fisica. |
|
| 942 |
_2ddc _cLI _h530.01 _iA2518 |
||
| 999 |
_c25542 _d25542 |
||